000 00707nam a22001937a 4500
999 _c495
_d495
003 AR-CdUCM
008 190223b ||||| |||| 00| 0 spa d
040 _aMUNICIPALIDAD PROVINCIAL DEL CUSCO
_cBIBLIOTECA MUNICIPAL DEL CUSCO
082 _a923.2 /
_bB749.
100 _aBothwell, J. H.
_91931
245 _aAbraham Lincoln :
_bPresidente mártir /
_cJ. H.Bothwell
260 _aMéxico :
_bGráfica Panamericana ;
_c1965.
300 _a93 páginas. :
_c21cm.
505 _aContenido: Abraham Lincoln, ideas e ideales, figura y genio, su religión y muerte ...
650 _aPresidentes estadounidences
_91932
650 _aEstados Unidos de América
_91933
942 _2ddc
_cLIBROS
945 _anom
_d2019-02-23